Optimalizácia prechodu stanice v bezdrôtovom prostredí
Enregistré dans:
| Auteur principal: | |
|---|---|
| Autres auteurs: | |
| Format: | Manuscrit Livre |
| Langue: | slovaque |
| Publié: |
2020
|
| Sujets: | |
| Accès en ligne: | http://is.stuba.sk/zp/portal_zp.pl?podrobnosti=142055 |
| Tags: |
Pas de tags, Soyez le premier à ajouter un tag!
|
MARC
| LEADER | 00000ntm a22000003a 4500 | ||
|---|---|---|---|
| 001 | stuzp80572 | ||
| 003 | SK-STU | ||
| 005 | 20200620211831.5 | ||
| 007 | ta | ||
| 008 | 150427s2015----xo-----f-mn---000-0-slo-d | ||
| 040 | |a STU |b slo | ||
| 041 | 0 | |a slo | |
| 100 | 1 | |a Kubica, Jakub |u 070400 |4 aut |U FIIT Fakulta informatiky a informačných technológií |T FIIT Ústav počítačového inžinierstva a aplikovanej informatiky |X 92066 |U I400 |Y 672 |7 92066 | |
| 242 | 0 | 1 | |a Optimizing the handover of station in a wireless environment |y eng |
| 245 | 1 | 0 | |a Optimalizácia prechodu stanice v bezdrôtovom prostredí |
| 260 | |c 2020 | ||
| 650 | 4 | |a IEEE 802.11 |2 slo | |
| 650 | 4 | |a SDN |2 slo | |
| 650 | 4 | |a Prechod stanice |2 slo | |
| 650 | 4 | |a IEEE 802.11 |2 eng | |
| 650 | 4 | |a SDN |2 eng | |
| 650 | 4 | |a Handover |2 eng | |
| 700 | 1 | |a Bencel, Rastislav |u 070400 |k Z1 |4 ths |U FIIT Fakulta informatiky a informačných technológií |T FIIT Ústav počítačového inžinierstva a aplikovanej informatiky |X 64492 |U I400 |Y 672 |7 64492 | |
| 856 | 4 | |u http://is.stuba.sk/zp/portal_zp.pl?podrobnosti=142055 | |